Proteccin̤ de datos en Europa Origen, evolucin̤ y regulacin̤ actual /

Bibliographic Details
Main Author: Rebollo, Lucrecio
Format: eBook
Language:Spanish
Published: Madrid: Dykinson, 2018
Subjects:
Online Access:Acceso restringido

MARC

LEADER 00000nam a22000007a 4500
005 20180713115625.0
007 cr|||| ||||
008 180713s2018 es |||||s|||| 00||0 spa d
020 |a 978-84-9148-655-8 
035 |a 21848 
040 |a vLex 
090 |c 8038  |d 8038 
100 1 |a Rebollo, Lucrecio 
245 1 0 |a Proteccin̤ de datos en Europa  |h [Recurso electrn̤ico] :  |b Origen, evolucin̤ y regulacin̤ actual /  |c Lucrecio Rebollo 
256 |a Servicio en ln̕ea 
260 |a Madrid:  |b Dykinson,  |c 2018 
300 |a 1 recurso electrn̤ico 
506 1 |a Disponible solo en los productos indicados  |d vLex Global  |d vLex Global (Academic Edition, excluding Law Schools)  |d vLex Global (U.S. Academic Edition, Law Schools)  |d vLex Global (U.S. Academic Edition, excluding Law Schools)  |d vLex Global (Academic Edition, Law Schools) 
650 0 4 |a Proteccin̤ de datos  |z Espaą 
740 0 |a vLex Libros (Servicio en ln̕ea) 
856 4 0 |u http://vlex.com/source/21848  |z Acceso restringido 
942 |c BOOK 
999 0 |a Data Protection